书目信息 |
| 题名: |
工程造价管理
|
|
| 作者: | 李建峰 主编 | |
| 分册: | ||
| 出版信息: | 北京 机械工业出版社 2019.1 |
|
| 页数: | 12,234页 | |
| 开本: | 26cm | |
| 丛书名: | ||
| 单 册: | ||
| 中图分类: | TU723.31 | |
| 科图分类: | ||
| 主题词: | 建筑造价管理--高等教育--教材 | |
| 电子资源: | ||
| ISBN: | 978-7-111-57011-0 | |
| 000 | 01203nam0 2200277 45 | |
| 001 | 012001001738 | |
| 005 | 20140912105844.0 | |
| 010 | @a978-7-111-57011-0@dCNY39.00 | |
| 100 | @a20170823d2017 em y0chiy50 ea | |
| 101 | 0 | @achi |
| 102 | @aCN@b110000 | |
| 105 | @aa z 000yy | |
| 106 | @ar | |
| 200 | 1 | @a工程造价管理@Agong cheng zao jia guan li@f李建峰主编@g李建峰[等]编著 |
| 210 | @a北京@c机械工业出版社@d2019.1 | |
| 215 | @a12,234页@c图@d26cm | |
| 300 | @a普通高等教育工程造价类专业“十三五”系列规划教材 | |
| 300 | @a并列题名:Project costs | |
| 312 | @a封面英文题名:Project costs | |
| 330 | @a本书共八章,讲述了各阶段工程造价管理的内容与方法,并对当前较为广泛应用的工程造价管理新技术进行了讲解。内容包括:工程造价管理概论、建设项目决策阶段工程造价确定与控制、建设项目设计阶段工程造价确定与控制、建设项目招标投标阶段工程造价确定与控制、建设项目施工阶段工程造价确定与控制、建设项目竣工阶段工程造价确定与控制、工程造价审查及工程造价管理新技术等。 | |
| 510 | 1 | @aProject costs@zeng |
| 606 | 0 | @a建筑造价管理@x高等教育@j教材 |
| 690 | @aTU723.31@v5 | |
| 701 | 0 | @a李建峰@Ali jian feng@c(土木工程)@4主编@4编著 |
| 801 | 0 | @aCN@bBJSDL@c20211011 |
| 905 | @b1337021-4@dTU723.31@e1977@f4 | |
| 工程造价管理/李建峰主编/李建峰[等]编著.-北京:机械工业出版社,2019.1 |
| 12,234页:图;26cm |
| 普通高等教育工程造价类专业“十三五”系列规划教材.-并列题名:Project costs |
| ISBN 978-7-111-57011-0:CNY39.00 |
| 本书共八章,讲述了各阶段工程造价管理的内容与方法,并对当前较为广泛应用的工程造价管理新技术进行了讲解。内容包括:工程造价管理概论、建设项目决策阶段工程造价确定与控制、建设项目设计阶段工程造价确定与控制、建设项目招标投标阶段工程造价确定与控制、建设项目施工阶段工程造价确定与控制、建设项目竣工阶段工程造价确定与控制、工程造价审查及工程造价管理新技术等。 |
| ● |
| 相关链接 |
|
|
|
|
正题名:工程造价管理
索取号:TU723.31/1977
 
预约/预借
| 序号 | 登录号 | 条形码 | 馆藏地/架位号 | 状态 | 备注 |
| 1 | 1337021 | 213370216 | 第二样本阅览室/ [索取号:TU723.31/1977] | 在馆 | |
| 2 | 1337022 | 213370225 | 第三借阅区/ [索取号:TU723.31/1977] | 在馆 | |
| 3 | 1337023 | 213370234 | 第三借阅区/ [索取号:TU723.31/1977] | 在馆 | |
| 4 | 1337024 | 213370243 | 第三借阅区/ [索取号:TU723.31/1977] | 在馆 |